Vista normal Vista MARC

Entrada Topical Term

Número de registros utilizados en: 1

001 - CONTROL NUMBER

  • control field: 38007

003 - CONTROL NUMBER IDENTIFIER

  • control field: OSt

005 - DATE AND TIME OF LATEST TRANSACTION

  • control field: 20210528110945.0

008 - FIXED-LENGTH DATA ELEMENTS

  • fixed length control field: 210528|| aca||aabn | a|a d

040 ## - CATALOGING SOURCE

  • Original cataloging agency: OSt
  • Transcribing agency: OSt

150 ## - HEADING--TOPICAL TERM

  • Topical term or geographic name entry element: Producción industrial
  • General subdivision: Economía

670 ## - SOURCE DATA FOUND

  • Source citation: Work cat.: (OSt)11799: Oficina Internacional del Trabjao 38005, Estrategias de competitividad, productividad, recursos humanos, y empleo en los 90 / , 1996